| 000 | 00767nam a22002057a 4500 | ||
|---|---|---|---|
| 999 |
_c20502 _d20502 |
||
| 003 | AR-CdUCM | ||
| 008 | 190530b ||||| |||| 00| 0 spa d | ||
| 040 |
_aMUNICIPALIDAD PROVINCIAL DEL CUSCO _cBIBLIOTECA MUNICIPAL DEL CUSCO |
||
| 082 |
_a331.01 / _bL732 |
||
| 100 |
_aLima, Alceu Amoroso _942852 |
||
| 245 |
_aEl problema del trabajo : _bensayo de filosofía económica / |
||
| 260 |
_aBuenos Aires : _bClub de lectores, _c1959. |
||
| 300 |
_a328 páginas ; _c20 cm. |
||
| 505 | _aContenido: El problema y las falsas soluciones -- Naturaleza, concepto y definición del trabajo -- El trabajo y el hombre... | ||
| 650 |
_aFilosofía del empleo _942853 |
||
| 650 |
_aEconomía _9382 |
||
| 650 |
_aEmpleo _95099 |
||
| 942 |
_2ddc _cLIBROS |
||
| 945 |
_adavv _d2019-05-30 |
||